000 00396nam a2200157Ia 4500
008 180921t2000 xxu||||| |||| 00| 0 eng d
041 _aeng
080 _a639.2(944)
_bFIS
100 _aHallam, Jack
245 _aFish & fisheries
260 _bNew south wales state
_aSydney
_c2000
300 _a143p., ill., 26 cm
942 _cBK
999 _c14617
_d14617
003 LK-CoDNM
040 _aLK-CoDNM
_dLK-CoDNM
_eLK-CoDNM